[Event "EU-chT Seniors 65"]
[Site "Dresden"]
[Date "2022.10.30"]
[Round "4.2"]
[White "Dickhoff, Ronald"]
[Black "Rahls, Peter"]
[Result "1/2-1/2"]
[WhiteElo "2044"]
[BlackElo "2223"]
[PlyCount "96"]
[EventDate "2022.10.27"]
[EventType "team-swiss"]
[EventRounds "9"]
[EventCountry "GER"]
[SourceTitle "EXT 2024"]
[Source "ChessBase"]
[SourceDate "2023.10.10"]
[SourceVersion "1"]
[SourceVersionDate "2023.10.10"]
[SourceQuality "1"]
[WhiteTeam "Koninklijke DD 65"]
[BlackTeam "Berlin Kreuzberg 65"]
[WhiteTeamCountry "NED"]
[BlackTeamCountry "GER"]

1. d4 c5 2. d5 e5 3. e4 d6 4. Nc3 Be7 5. Bb5+ Nd7 6. a4 a6 7. Be2 Bg5 8. Nf3 Bxc1 9. Qxc1 Ne7 10. 0-0 0-0 11. Nd2 Ng6 12. Nc4 Nf6 13. a5 Qe7 14. Nb6 Rb8 15. Nxc8 Rbxc8 16. g3 Rc7 17. b3 h6 18. Re1 Qd7 19. Qd1 Nh7 20. Bg4 Qd8 21. Qd2 Ne7 22. f4 exf4 23. gxf4 f5 24. Bh3 fxe4 25. Nxe4 Nf5 26. Bxf5 Rxf5 27. Ng3 Rf8 28. Re6 Rcf7 29. Rf1 Nf6 30. c4 h5 31. Ne4 Nxe4 32. Rxe4 Qh4 33. Qf2 Qh3 34. Qg3 Qf5 35. Rfe1 Rf6 36. Re6 Qxf4 37. Qxf4 Rxf4 38. Rxd6 h4 39. Rde6 Rg4+ 40. Kh1 Rf3 41. R6e3 Rxe3 42. Rxe3 Rd4 43. Kg2 Kf7 44. Kf3 g5 45. h3 Kf6 46. Re6+ Kf5 47. Re3 Rf4+ 48. Kg2 Rd4 1/2-1/2

[Event "WchT Seniors 65"]
[Site "Radebeul"]
[Date "2016.07.01"]
[Round "6.18"]
[White "Dickhoff, Ronald"]
[Black "Mostertman, Loek G"]
[Result "1-0"]
[WhiteElo "2106"]
[BlackElo "1958"]
[PlyCount "79"]
[EventDate "2016.06.26"]
[EventType "team-swiss"]
[EventRounds "9"]
[EventCountry "GER"]
[SourceTitle "CBM 173 Extra"]
[Source "ChessBase"]
[SourceDate "2016.08.29"]
[SourceVersion "1"]
[SourceVersionDate "2016.08.29"]
[SourceQuality "1"]
[WhiteTeam "Koninklijke DD"]
[BlackTeam "Oranje III"]
[WhiteTeamCountry "NED"]
[BlackTeamCountry "NED"]

1. d4 Nf6 2. c4 c5 3. d5 d6 4. Nc3 g6 5. e4 Bg7 6. Bd3 e5 7. h3 Na6 8. a3 0-0 9. Nge2 Ne8 10. Be3 f5 11. f3 Bh6 12. Qd2 Bxe3 13. Qxe3 f4 14. Qf2 Nac7 15. b4 b6 16. Rb1 Bd7 17. Kd2 g5 18. g4 fxg3 19. Qxg3 Kh8 20. Rbg1 Rg8 21. h4 g4 22. f4 cxb4 23. axb4 exf4 24. Qxf4 Qf6 25. Qxf6+ Nxf6 26. Ng3 a5 27. b5 Nce8 28. Na4 Rb8 29. Re1 Ng7 30. e5 dxe5 31. Rxe5 Rge8 32. Rhe1 Kg8 33. Rxe8+ Ngxe8 34. Rf1 Kg7 35. Kc3 Nd6 36. Kd4 h5 37. Re1 Kf7 38. Re5 Be8 39. Nxh5 Nxh5 40. Rxh5 1-0

[Event "WchT Seniors 65"]
[Site "Radebeul"]
[Date "2016.06.28"]
[Round "3.2"]
[White "Malmdin, Nils Ake"]
[Black "Dickhoff, Ronald"]
[Result "1/2-1/2"]
[WhiteElo "2174"]
[BlackElo "2106"]
[PlyCount "54"]
[EventDate "2016.06.26"]
[EventType "team-swiss"]
[EventRounds "9"]
[EventCountry "GER"]
[SourceTitle "CBM 173 Extra"]
[Source "ChessBase"]
[SourceDate "2016.08.29"]
[SourceVersion "1"]
[SourceVersionDate "2016.08.29"]
[SourceQuality "1"]
[WhiteTeam "Sweden"]
[BlackTeam "Koninklijke DD"]
[WhiteTeamCountry "SWE"]
[BlackTeamCountry "NED"]

1. e4 e5 2. Nf3 Nc6 3. Nc3 Nf6 4. a3 Be7 5. d4 exd4 6. Nxd4 0-0 7. Be2 d6 8. Be3 Re8 9. Qd2 Ng4 10. Bxg4 Bxg4 11. f3 Bh4+ 12. g3 Nxd4 13. Bxd4 Bxf3 14. 0-0 Bg5 15. Qf2 Bh5 16. h4 Bh6 17. b4 b6 18. b5 Qd7 19. Rae1 Bg4 20. Kh2 Re6 21. a4 Rae8 22. a5 f5 23. axb6 axb6 24. exf5 Rxe1 25. Rxe1 Rxe1 26. Qxe1 Bxf5 27. Qe2 Qe6 1/2-1/2

[Event "WchT Seniors 65"]
[Site "Vilnius"]
[Date "2014.07.20"]
[Round "8.5"]
[White "Karasev, Vladimir I"]
[Black "Dickhoff, Ronald"]
[Result "1-0"]
[WhiteElo "2367"]
[BlackElo "2114"]
[PlyCount "125"]
[EventDate "2014.07.13"]
[EventType "team-swiss"]
[EventRounds "9"]
[EventCountry "LTU"]
[SourceTitle "CBM 161 Extra"]
[Source "ChessBase"]
[SourceDate "2014.08.29"]
[SourceVersion "1"]
[SourceVersionDate "2014.08.29"]
[SourceQuality "1"]
[WhiteTeam "St Petersburg"]
[BlackTeam "Netherlands"]
[WhiteTeamCountry "RUS"]
[BlackTeamCountry "NED"]

1. d4 Nf6 2. Bg5 d5 3. Bxf6 exf6 4. e3 c6 5. Nf3 Na6 6. Nbd2 Nc7 7. Bd3 Bd6 8. e4 dxe4 9. Nxe4 Be7 10. c3 Nd5 11. Qd2 Qa5 12. 0-0 Bg4 13. Be2 f5 14. Ng3 h5 15. Ne5 Bxe2 16. Nxe2 Rd8 17. Rfe1 Kf8 18. Nf4 Nxf4 19. Qxf4 g6 20. Re3 Qd5 21. Rae1 Bf6 22. b3 Kg7 23. h4 Rhe8 24. Ng4 fxg4 25. Rxe8 Bxh4 26. Rxd8 Qxd8 27. c4 Bf6 28. Rd1 Qa5 29. Qd2 Qf5 30. Qd3 Qf4 31. Qe3 Qd6 32. Rd3 a6 33. g3 Kf8 34. Kg2 Kg7 35. a4 Kf8 36. Qe4 Kg7 37. c5 Qe6 38. Re3 Qd7 39. b4 Kf8 40. Kf1 Kg7 41. Rd3 Kf8 42. Ke2 Kg7 43. Kd1 Kf8 44. Kc2 Kg7 45. Kb3 Kf8 46. d5 cxd5 47. Qxd5 Qxd5+ 48. Rxd5 h4 49. b5 axb5 50. axb5 h3 51. Kc4 Ke8 52. Rd1 Bd8 53. b6 f5 54. Rd6 g5 55. Kd5 Be7 56. Rh6 Kd7 57. c6+ bxc6+ 58. Rxc6 Bd8 59. Rh6 f4 60. Rh7+ Kc8 61. b7+ Kb8 62. Rh8 fxg3 63. Kc6 1-0

[Event "WchT Seniors 65"]
[Site "Vilnius"]
[Date "2014.07.16"]
[Round "4.4"]
[White "Dickhoff, Ronald"]
[Black "Wheeler, John Francis"]
[Result "1-0"]
[WhiteElo "2114"]
[BlackElo "2121"]
[PlyCount "79"]
[EventDate "2014.07.13"]
[EventType "team-swiss"]
[EventRounds "9"]
[EventCountry "LTU"]
[SourceTitle "CBM 161 Extra"]
[Source "ChessBase"]
[SourceDate "2014.08.29"]
[SourceVersion "1"]
[SourceVersionDate "2014.08.29"]
[SourceQuality "1"]
[WhiteTeam "Netherlands"]
[BlackTeam "England"]
[WhiteTeamCountry "NED"]
[BlackTeamCountry "ENG"]

1. d4 d5 2. c4 e6 3. Nf3 Nf6 4. Bg5 c6 5. e3 Qa5+ 6. Nbd2 Ne4 7. Bf4 Bb4 8. a3 Bxd2+ 9. Nxd2 Qxd2+ 10. Qxd2 Nxd2 11. Kxd2 0-0 12. b4 Re8 13. Bd3 Nd7 14. c5 e5 15. Bg3 exd4 16. exd4 Nf6 17. f3 g6 18. Be5 Nd7 19. Bd6 Nf8 20. h4 Ne6 21. Be5 Ng7 22. g4 h5 23. Bxg7 Kxg7 24. gxh5 gxh5 25. Rhg1+ Kh6 26. Rae1 Bd7 27. Rg5 Rxe1 28. Kxe1 a5 29. b5 Re8+ 30. Kd2 cxb5 31. Rxd5 Bc6 32. Rd6+ Re6 33. Bf5 Kg7 34. d5 Bxd5 35. Rxd5 Rf6 36. Be4 b4 37. axb4 axb4 38. Kc2 b6 39. Rg5+ Kf8 40. c6 1-0

[Event "EU-chT Seniors"]
[Site "Rogaska Slatina"]
[Date "2012.04.03"]
[Round "8.14"]
[White "Pesec, Franc"]
[Black "Dickhoff, Ronald"]
[Result "1-0"]
[WhiteElo "2116"]
[BlackElo "2144"]
[PlyCount "99"]
[EventDate "2012.03.27"]
[EventType "team-swiss"]
[EventRounds "9"]
[EventCountry "SLO"]
[SourceTitle "CBM 147 Extra"]
[Source "ChessBase"]
[SourceDate "2012.04.24"]
[SourceVersion "1"]
[SourceVersionDate "2012.04.24"]
[SourceQuality "1"]
[WhiteTeam "Celje Sentjur (Seniors)"]
[BlackTeam "Discendo Discimus (Seniors)"]
[WhiteTeamCountry "SLO"]
[BlackTeamCountry "NED"]

1. e4 e5 2. Nf3 Nc6 3. Bb5 a6 4. Ba4 Nf6 5. 0-0 Be7 6. Re1 b5 7. Bb3 d6 8. c3 0-0 9. h3 Na5 10. Bc2 c5 11. d4 Qc7 12. Nbd2 Bd7 13. Nf1 Nc4 14. b3 Nb6 15. Bg5 h6 16. Bh4 Rfe8 17. g4 Nh7 18. Bxe7 Rxe7 19. d5 c4 20. b4 a5 21. a3 axb4 22. axb4 Rxa1 23. Qxa1 Re8 24. Qb2 Ra8 25. Ra1 Na4 26. Bxa4 Rxa4 27. Rxa4 bxa4 28. Ne3 Nf6 29. Nd2 Bb5 30. Qa2 h5 31. g5 Nh7 32. h4 f6 33. gxf6 Nxf6 34. f3 Qa7 35. Kf2 a3 36. Nb1 Qa4 37. Qxa3 Qb3 38. Qxb3 cxb3 39. c4 Ba6 40. Ke2 g5 41. hxg5 Nh7 42. Nd2 b2 43. b5 Bc8 44. g6 Nf8 45. Nf5 Nxg6 46. Nxd6 Nf4+ 47. Kf2 Bd7 48. b6 Nd3+ 49. Ke3 Nc5 50. b7 1-0

[Event "EU-chT Seniors"]
[Site "Rogaska Slatina"]
[Date "2012.03.29"]
[Round "3.6"]
[White "Sloth, Jorn"]
[Black "Dickhoff, Ronald"]
[Result "1-0"]
[WhiteElo "2351"]
[BlackElo "2144"]
[PlyCount "135"]
[EventDate "2012.03.27"]
[EventType "team-swiss"]
[EventRounds "9"]
[EventCountry "SLO"]
[SourceTitle "CBM 147 Extra"]
[Source "ChessBase"]
[SourceDate "2012.04.24"]
[SourceVersion "1"]
[SourceVersionDate "2012.04.24"]
[SourceQuality "1"]
[WhiteTeam "Denmark (Seniors)"]
[BlackTeam "Discendo Discimus (Seniors)"]
[WhiteTeamCountry "DEN"]
[BlackTeamCountry "NED"]

1. b3 Nf6 2. Bb2 g6 3. g3 Bg7 4. Bg2 d6 5. d4 d5 6. c4 c6 7. Nf3 0-0 8. 0-0 Ne4 9. Nbd2 Bf5 10. Nh4 Nxd2 11. Qxd2 Be6 12. Rac1 Qd7 13. Rfd1 Na6 14. Nf3 Rfd8 15. Ne5 Qe8 16. Qe3 Rac8 17. f4 Nb4 18. a3 Na6 19. g4 Nc7 20. h3 f6 21. Nd3 Bf7 22. Qg3 Na6 23. Kh1 Qd7 24. e4 e6 25. e5 f5 26. Nc5 Nxc5 27. dxc5 Qe7 28. b4 Rd7 29. cxd5 cxd5 30. Bd4 a6 31. a4 Rdc7 32. b5 Be8 33. c6 bxc6 34. b6 Rb7 35. Bc5 Qd8 36. a5 Bf8 37. gxf5 exf5 38. Bxf8 Kxf8 39. Qe3 Ra8 40. Qc5+ Qe7 41. Qd4 Qg7 42. Qb4+ Qe7 43. Rc5 h6 44. Qc3 Kg7 45. Rc1 Rd8 46. Qd4 Qe6 47. Bf1 Ra8 48. Bd3 Re7 49. Rg1 Kh7 50. Kh2 Rb7 51. Rg2 Rg7 52. Rb2 Rb7 53. Rf2 Rg7 54. Rf1 Kg8 55. Rb1 Rb7 56. Qe3 Qe7 57. Rbc1 Rbb8 58. Bc2 Rd8 59. Qd4 Qh4 60. Ba4 g5 61. Bxc6 Bxc6 62. Rxc6 Rab8 63. Rc7 g4 64. R1c3 Qe1 65. Rg3 Qf2+ 66. Rg2 Qf3 67. hxg4 fxg4 68. Rc3 1-0

[Event "EU-chT Seniors"]
[Site "Rogaska Slatina"]
[Date "2012.03.28"]
[Round "2.13"]
[White "Dickhoff, Ronald"]
[Black "Danner, Georg"]
[Result "1/2-1/2"]
[WhiteElo "2144"]
[BlackElo "2402"]
[PlyCount "63"]
[EventDate "2012.03.27"]
[EventType "team-swiss"]
[EventRounds "9"]
[EventCountry "SLO"]
[SourceTitle "CBM 147 Extra"]
[Source "ChessBase"]
[SourceDate "2012.04.24"]
[SourceVersion "1"]
[SourceVersionDate "2012.04.24"]
[SourceQuality "1"]
[WhiteTeam "Discendo Discimus (Seniors)"]
[BlackTeam "Austria (Seniors)"]
[WhiteTeamCountry "NED"]
[BlackTeamCountry "AUT"]

1. d4 Nf6 2. c4 e6 3. Nf3 Nc6 4. a3 d5 5. e3 Be7 6. Nc3 0-0 7. Qc2 a6 8. b4 Bd7 9. Bb2 dxc4 10. Bxc4 b5 11. Bd3 a5 12. Nxb5 axb4 13. 0-0 bxa3 14. Bxa3 Bxa3 15. Rxa3 Nb4 16. Qb2 Nxd3 17. Rxd3 Rb8 18. Rb3 Bc6 19. Ne5 Bd5 20. Rb4 Qe7 21. Rc1 Rfc8 22. Na7 Rxb4 23. Nxc8 Qf8 24. Qa3 c5 25. Nd3 Rb3 26. Qxc5 Qxc5 27. Nxc5 Rb2 28. Ne7+ Kf8 29. Nxd5 Nxd5 30. g3 g5 31. g4 Kg7 32. Na4 1/2-1/2

[Event "Vaujany op 1st"]
[Site "Vaujany"]
[Date "2010.07.15"]
[Round "6"]
[White "Dickhoff, Ronald"]
[Black "Olivier, Jean Christophe"]
[Result "1/2-1/2"]
[WhiteElo "2131"]
[BlackElo "2377"]
[PlyCount "139"]
[EventDate "2010.07.10"]
[EventType "swiss"]
[EventRounds "9"]
[EventCountry "FRA"]
[SourceTitle "CBM 137 Extra"]
[Source "ChessBase"]
[SourceDate "2010.09.01"]
[SourceVersion "1"]
[SourceVersionDate "2010.09.01"]
[SourceQuality "1"]

1. d4 Nf6 2. c4 e6 3. Nf3 b6 4. Nc3 Bb7 5. Bg5 Be7 6. e3 Ne4 7. Bxe7 Qxe7 8. Nxe4 Bxe4 9. Bd3 Bxd3 10. Qxd3 0-0 11. 0-0 f5 12. Rfe1 Nc6 13. e4 fxe4 14. Rxe4 Qf6 15. Rae1 Nb4 16. Qd2 a5 17. a3 Na6 18. b4 axb4 19. axb4 c6 20. Ne5 Qe7 21. d5 Qxb4 22. Qxb4 Nxb4 23. dxe6 dxe6 24. Nd7 Rf7 25. Nxb6 Rb8 26. Na4 Nd3 27. Rf1 Rb4 28. Nc3 Nc5 29. Rh4 Rd7 30. Nd1 e5 31. Ne3 Rd2 32. Rh5 Nd3 33. Rf5 Rbb2 34. h4 Ra2 35. Rb1 Rdb2 36. Rxb2 Rxb2 37. h5 Re2 38. g4 e4 39. Kf1 Ra2 40. g5 Ra1+ 41. Kg2 Ra2 42. Kf1 Ra8 43. Kg2 Rf8 44. Rxf8+ Kxf8 45. Kg3 c5 46. Nf5 Kf7 47. Nd6+ Ke6 48. Nxe4 Ke5 49. f3 Kf5 50. Kh4 Ne5 51. Nxc5 Nxf3+ 52. Kg3 Nxg5 53. Nb3 Ne4+ 54. Kh4 Kf4 55. Nd4 Nc5 56. Ne2+ Ke4 57. Ng3+ Kf4 58. Ne2+ Ke5 59. Kg5 Ne4+ 60. Kg4 h6 61. Kh4 Nd6 62. c5 Ne8 63. c6 Kd5 64. Kg4 Kxc6 65. Kf5 Kd6 66. Kg6 Ke7 67. Nd4 Kf8 68. Ne6+ Kg8 69. Nxg7 Nxg7 70. Kxh6 1/2-1/2

[Event "EU-chT Seniors 12th"]
[Site "Dresden"]
[Date "2010.02.15"]
[Round "6"]
[White "Koskinen, Veikko"]
[Black "Dickhoff, Ronald"]
[Result "1/2-1/2"]
[WhiteElo "1990"]
[BlackElo "2123"]
[PlyCount "57"]
[EventDate "2010.02.10"]
[EventType "team-swiss"]
[EventRounds "9"]
[EventCountry "GER"]
[SourceTitle "CBM 134 Extra"]
[Source "ChessBase"]
[SourceDate "2010.03.03"]
[SourceVersion "1"]
[SourceVersionDate "2010.03.03"]
[SourceQuality "1"]
[WhiteTeam "Helsinki (Seniors)"]
[BlackTeam "Den Haag (Seniors)"]
[WhiteTeamCountry "FIN"]
[BlackTeamCountry "NED"]

1. Nf3 Nf6 2. g3 d5 3. Bg2 c6 4. 0-0 Bg4 5. d3 e6 6. Nbd2 Bc5 7. b3 0-0 8. Bb2 Nbd7 9. Qe1 a5 10. a3 Qe7 11. e4 b5 12. h3 Bh5 13. g4 Bg6 14. Nh4 Bb6 15. Ndf3 dxe4 16. Nxg6 hxg6 17. dxe4 e5 18. Qe2 a4 19. b4 Rfd8 20. c4 Rab8 21. c5 Bc7 22. Rfd1 Nf8 23. Qc2 Ne8 24. Rxd8 Rxd8 25. Rd1 f6 26. Rxd8 Bxd8 27. Bf1 Bc7 28. Bc3 Bb8 29. Bb2 1/2-1/2

[Event "EU-chT Seniors 12th"]
[Site "Dresden"]
[Date "2010.02.11"]
[Round "2"]
[White "Malmdin, Nils Ake"]
[Black "Dickhoff, Ronald"]
[Result "1/2-1/2"]
[WhiteElo "2281"]
[BlackElo "2123"]
[PlyCount "119"]
[EventDate "2010.02.10"]
[EventType "team-swiss"]
[EventRounds "9"]
[EventCountry "GER"]
[SourceTitle "CBM 134 Extra"]
[Source "ChessBase"]
[SourceDate "2010.03.03"]
[SourceVersion "1"]
[SourceVersionDate "2010.03.03"]
[SourceQuality "1"]
[WhiteTeam "Sweden (Seniors)"]
[BlackTeam "Den Haag (Seniors)"]
[WhiteTeamCountry "SWE"]
[BlackTeamCountry "NED"]

1. e4 e5 2. Nf3 Nc6 3. Bb5 a6 4. Ba4 Nf6 5. d3 d6 6. 0-0 Be7 7. c3 0-0 8. Nbd2 b5 9. Bc2 Re8 10. a4 Rb8 11. axb5 axb5 12. h3 Bf8 13. Nh2 g6 14. Qf3 Bg7 15. Rd1 Be6 16. Ndf1 Ra8 17. Bg5 Rxa1 18. Rxa1 h6 19. Bd2 d5 20. Ra6 Nb8 21. Ra8 c5 22. g4 g5 23. Qe2 Qc7 24. Ng3 Qb7 25. Ra1 Nc6 26. Nf5 Ra8 27. Rb1 Bf8 28. h4 Nh7 29. Nf3 f6 30. d4 c4 31. dxe5 Nxe5 32. N3d4 Bf7 33. f4 Nd3 34. e5 Re8 35. e6 Bxe6 36. Nxe6 Qb6+ 37. Nfd4 Bc5 38. f5 Bxd4+ 39. cxd4 Nf8 40. Bxd3 Nxe6 41. fxe6 Qxd4+ 42. Be3 cxd3 43. Bxd4 dxe2 44. hxg5 fxg5 45. Kf2 Rxe6 46. Be3 Re4 47. Kf3 Rb4 48. Kxe2 Rxg4 49. Rd1 Rb4 50. Bd4 h5 51. Kd3 Kh7 52. Rf1 h4 53. Rg1 Kg6 54. Bc3 Re4 55. Bd2 g4 56. Be1 Kg5 57. b3 g3 58. Bxg3 hxg3 59. Rxg3+ Kf5 60. Rg8 1/2-1/2

[Event "EU-chT Seniors 12th"]
[Site "Dresden"]
[Date "2010.02.10"]
[Round "1"]
[White "Bisse, Vilorij"]
[Black "Dickhoff, Ronald"]
[Result "0-1"]
[WhiteElo "1930"]
[BlackElo "2123"]
[PlyCount "93"]
[EventDate "2010.02.10"]
[EventType "team-swiss"]
[EventRounds "9"]
[EventCountry "GER"]
[SourceTitle "CBM 134 Extra"]
[Source "ChessBase"]
[SourceDate "2010.03.03"]
[SourceVersion "1"]
[SourceVersionDate "2010.03.03"]
[SourceQuality "1"]
[WhiteTeam "Dresden (Seniors)"]
[BlackTeam "Den Haag (Seniors)"]
[WhiteTeamCountry "GER"]
[BlackTeamCountry "NED"]

1. e4 e5 2. Nf3 Nc6 3. Bc4 Nf6 4. Nc3 Be7 5. d4 exd4 6. Nxd4 0-0 7. Be3 Bb4 8. 0-0 Bxc3 9. bxc3 Nxe4 10. Qe1 d5 11. Nxc6 bxc6 12. Bd3 Re8 13. f3 Nd6 14. Qf2 a5 15. Bd4 Bf5 16. Qg3 f6 17. Rfe1 Bxd3 18. cxd3 Nf5 19. Qf2 Qd7 20. Bc5 Rab8 21. Rab1 Rb5 22. a4 Rxe1+ 23. Rxe1 Rb3 24. Qc2 Rb8 25. Qe2 Kf7 26. Kf2 Re8 27. Qd2 Nd6 28. g4 Nb7 29. Be3 c5 30. Qb2 Qc6 31. Rb1 Nd6 32. Qa2 c4 33. d4 f5 34. h3 Qd7 35. Bf4 fxg4 36. hxg4 Qe6 37. Qc2 Kg8 38. Rh1 h6 39. Qd2 Qf6 40. Be5 Ne4+ 41. Kg2 Nxd2 42. Bxf6 Re2+ 43. Kg3 gxf6 44. Rxh6 Kg7 45. g5 Re6 46. Kg4 Rb6 47. gxf6+ 0-1

[Event "Vienna op 16th"]
[Site "Vienna"]
[Date "2009.08.17"]
[Round "3"]
[White "Halvax, Georg"]
[Black "Dickhoff, Ronald"]
[Result "1-0"]
[WhiteElo "2260"]
[BlackElo "2128"]
[PlyCount "69"]
[EventDate "2009.08.15"]
[EventType "swiss"]
[EventRounds "9"]
[EventCountry "AUT"]
[SourceTitle "CBM 131 Extra"]
[Source "ChessBase"]
[SourceDate "2009.09.03"]
[SourceVersion "2"]
[SourceVersionDate "2009.09.16"]
[SourceQuality "1"]

1. e4 e6 2. d4 d5 3. Nc3 Bb4 4. e5 c5 5. a3 Bxc3+ 6. bxc3 Qc7 7. Qg4 f5 8. Qg3 cxd4 9. cxd4 Ne7 10. Bd2 0-0 11. Bd3 b6 12. Ne2 Ba6 13. Nf4 Qd7 14. h4 Bxd3 15. Qxd3 Rc8 16. Rh3 Rc4 17. Rg3 Nbc6 18. c3 Rf8 19. Kf1 Nd8 20. Re1 b5 21. Nh5 Ng6 22. Bg5 Rf7 23. Qd2 Nc6 24. Nxg7 f4 25. Bxf4 Rxg7 26. Bh6 Rf7 27. h5 Nce7 28. hxg6 Nxg6 29. Bg5 Rf5 30. Bf6 Rh5 31. Kg1 Qe8 32. Rf3 Qf8 33. g4 Qh6 34. Qxh6 Rxh6 35. Bg5 1-0

[Event "EU-chT Seniors 11th"]
[Site "Velden"]
[Date "2009.04.10"]
[Round "6"]
[White "Dickhoff, Ronald"]
[Black "Braun, Gottfried"]
[Result "1/2-1/2"]
[WhiteElo "2149"]
[BlackElo "2318"]
[PlyCount "88"]
[EventDate "2009.04.05"]
[EventType "team-swiss"]
[EventRounds "9"]
[EventCountry "AUT"]
[SourceTitle "CBM 129 Extra"]
[Source "ChessBase"]
[SourceDate "2009.05.05"]
[SourceVersion "2"]
[SourceVersionDate "2009.05.20"]
[SourceQuality "1"]

1. d4 d6 2. c4 e5 3. d5 Be7 4. e4 Nf6 5. Nc3 Nbd7 6. g3 Nf8 7. Bg2 Ng6 8. Nf3 0-0 9. 0-0 c6 10. b3 cxd5 11. cxd5 Bd7 12. a4 Qb8 13. Qd3 Bd8 14. a5 Ne8 15. Nd2 Nc7 16. Ba3 Be7 17. h4 Rc8 18. Rfc1 Na6 19. b4 h6 20. Bf1 Rc7 21. Nb5 Rxc1 22. Rxc1 Qd8 23. Qe3 Qb8 24. Qd3 Nf8 25. Rc3 Nh7 26. Nf3 Nf6 27. Nd2 Qd8 28. Qe3 Ng4 29. Qf3 h5 30. Be2 g6 31. Qd3 f5 32. f3 Nf6 33. Qe3 fxe4 34. fxe4 Ng4 35. Qf3 Nf6 36. Qe3 Ng4 37. Qd3 Kg7 38. Nf3 Bxb5 39. Qxb5 Rc8 40. Rxc8 Qxc8 41. Qc4 Qxc4 42. Bxc4 Nc7 43. Bc1 a6 44. Kf1 Kf7 1/2-1/2

[Event "EU-chT Seniors 11th"]
[Site "Velden"]
[Date "2009.04.06"]
[Round "2"]
[White "Dickhoff, Ronald"]
[Black "Anguera Maestro, Jaime"]
[Result "0-1"]
[WhiteElo "2149"]
[BlackElo "2230"]
[PlyCount "44"]
[EventDate "2009.04.05"]
[EventType "team-swiss"]
[EventRounds "9"]
[EventCountry "AUT"]
[SourceTitle "CBM 129 Extra"]
[Source "ChessBase"]
[SourceDate "2009.05.05"]
[SourceVersion "2"]
[SourceVersionDate "2009.05.20"]
[SourceQuality "1"]

1. d4 d5 2. c4 c6 3. Nf3 Nf6 4. e3 e6 5. Nc3 Bd6 6. Qc2 Nbd7 7. b3 0-0 8. Be2 e5 9. cxd5 Nxd5 10. Nxd5 cxd5 11. dxe5 Nxe5 12. 0-0 Nxf3+ 13. Bxf3 Qh4 14. g3 Qf6 15. Bxd5 Bf5 16. e4 Bh3 17. Rd1 Be5 18. Qe2 Bxa1 19. Bxb7 Rad8 20. Bd5 Bd4 21. Be3 Bxe3 22. Qxe3 Rfe8 0-1

[Event "EU-chT Seniors 11th"]
[Site "Velden"]
[Date "2009.04.05"]
[Round "1"]
[White "Wicklund Hansen, Richard"]
[Black "Dickhoff, Ronald"]
[Result "1/2-1/2"]
[WhiteElo "1840"]
[BlackElo "2149"]
[PlyCount "65"]
[EventDate "2009.04.05"]
[EventType "team-swiss"]
[EventRounds "9"]
[EventCountry "AUT"]
[SourceTitle "CBM 129 Extra"]
[Source "ChessBase"]
[SourceDate "2009.05.05"]
[SourceVersion "2"]
[SourceVersionDate "2009.05.20"]
[SourceQuality "1"]

1. e4 e6 2. d3 d5 3. Nd2 Nf6 4. exd5 exd5 5. d4 Bd6 6. Ngf3 0-0 7. Be2 Nbd7 8. 0-0 Re8 9. Re1 Nf8 10. Nf1 Ng6 11. Bg5 h6 12. Bxf6 Qxf6 13. Ne3 Nf4 14. Bf1 Bd7 15. Qd2 c6 16. c4 Re4 17. cxd5 cxd5 18. Rad1 Rc8 19. Ne5 Bxe5 20. dxe5 Rxe5 21. Be2 Nxe2+ 22. Rxe2 Qe6 23. h3 Bc6 24. Qd4 a6 25. Red2 Re4 26. Qc3 d4 27. Rxd4 Qxa2 28. Nf5 Rxd4 29. Qxd4 f6 30. Qg4 g5 31. Nxh6+ Kg7 32. Nf5+ Kg6 33. Nh4+ 1/2-1/2

[Event "EU-chT Seniors 10th"]
[Site "Dresden"]
[Date "2008.02.11"]
[Round "1.2"]
[White "Dickhoff, Ronald"]
[Black "Gaebler, Hans Werner"]
[Result "1-0"]
[WhiteElo "2158"]
[BlackElo "1658"]
[PlyCount "69"]
[EventDate "2008.02.11"]
[EventType "team-swiss"]
[EventRounds "9"]
[EventCountry "GER"]
[SourceTitle "CBM 122 Extra"]
[Source "ChessBase"]
[SourceDate "2008.03.04"]
[SourceVersion "1"]
[SourceVersionDate "2008.03.04"]
[SourceQuality "1"]
[WhiteTeam "Den Haag"]
[BlackTeam "Dresden Seniors"]
[WhiteTeamCountry "NED"]
[BlackTeamCountry "GER"]

1. d4 d5 2. c4 e6 3. Nf3 Nf6 4. Bg5 Be7 5. e3 c6 6. Nc3 Nbd7 7. Rc1 h6 8. Bh4 0-0 9. Bd3 dxc4 10. Bxc4 Nd5 11. Bxe7 Qxe7 12. 0-0 Re8 13. a3 N5b6 14. Ba2 Nf8 15. Ne5 Rd8 16. Ne4 Nd5 17. Qe2 Bd7 18. Nc5 Be8 19. f4 f6 20. Ned3 b6 21. Na6 Rac8 22. Rc2 Qb7 23. Bc4 Nc7 24. Nab4 a5 25. Na2 Bf7 26. Nc3 Na6 27. Ne5 b5 28. Nxf7 Qxf7 29. Ba2 Nc7 30. Rfc1 Qd7 31. Ne4 f5 32. Nc5 Qe7 33. Nb7 Rd6 34. Rxc6 Qd7 35. Qc2 1-0

[Event "EU-chT Seniors 09th"]
[Site "Dresden"]
[Date "2007.02.22"]
[Round "7"]
[White "Dickhoff, Ronald"]
[Black "Biebinger, Gerhard"]
[Result "1/2-1/2"]
[WhiteElo "2164"]
[BlackElo "2326"]
[PlyCount "50"]
[EventDate "2007.02.16"]
[EventType "team-swiss"]
[EventRounds "9"]
[EventCountry "GER"]
[SourceTitle "CBM 117 Extra"]
[Source "ChessBase"]
[SourceDate "2007.05.09"]
[SourceVersion "1"]
[SourceVersionDate "2007.05.09"]
[SourceQuality "1"]

1. d4 Nf6 2. c4 c5 3. d5 e5 4. Nc3 d6 5. e4 Nbd7 6. Bd3 Be7 7. h3 a6 8. Nf3 Nh5 9. g3 0-0 10. Nh4 g6 11. Nf5 Ng7 12. Nxe7+ Qxe7 13. Bh6 f5 14. Qd2 Nf6 15. 0-0-0 b5 16. f3 bxc4 17. Bxc4 Bd7 18. exf5 gxf5 19. g4 f4 20. Bg5 Bb5 21. Bb3 Nge8 22. Ne4 Nxe4 23. Bxe7 Nxd2 24. Rxd2 Rf7 25. Bh4 Nc7 1/2-1/2

[Event "EU-chT Seniors 09th"]
[Site "Dresden"]
[Date "2007.02.17"]
[Round "2"]
[White "Dickhoff, Ronald"]
[Black "Nordby, Berndt"]
[Result "1/2-1/2"]
[WhiteElo "2164"]
[BlackElo "2225"]
[PlyCount "40"]
[EventDate "2007.02.16"]
[EventType "team-swiss"]
[EventRounds "9"]
[EventCountry "GER"]
[SourceTitle "CBM 117 Extra"]
[Source "ChessBase"]
[SourceDate "2007.05.09"]
[SourceVersion "1"]
[SourceVersionDate "2007.05.09"]
[SourceQuality "1"]

1. d4 Nf6 2. c4 g6 3. Nc3 Bg7 4. e4 d6 5. Nf3 0-0 6. Be2 e5 7. d5 a5 8. Bg5 h6 9. Bh4 Na6 10. Nd2 Qe8 11. a3 Bd7 12. 0-0 Nh7 13. Rb1 h5 14. f3 Bh6 15. b4 axb4 16. axb4 Be3+ 17. Bf2 Bxf2+ 18. Rxf2 f5 19. exf5 gxf5 20. Nf1 Nf6 1/2-1/2